000 00591nam a2200241Ia 4500
005 20260306145954.0
008 008 260114s9999 xx 000 0 eng d
020 _a9781781794760
037 _aEbook
040 _aCRL
040 _beng
040 _cCRL
041 _2eng
041 _aeng
084 _qCRL
245 0 _aAssessing the Language of Young Learners
260 _bUniversity of Toronto Press
260 _c2016
650 _aLinguistics and Semiotics
856 _uhttps://www.degruyter.com/isbn/9781781794760
942 _cEBOOK
999 _c1692669
_d1692669